Every European Political Leader By Picture - Statistics

General Stats
  • This quiz has been taken 524 times
    78 since last reset
  • The average score is 11 of 45
Answer Stats
Picture Hint Answer % Correct
France Emmanuel Macron
86%
Russia Vladimir Putin
85%
Ukraine Volodymyr Zelenskyy
82%
Germany Olaf Scholz
76%
Italy Giorgia Meloni
75%
United Kingdom Keir Starmer
75%
Hungary Viktor Orbán
75%
Belarus Alexander Lukashenko
71%
Poland Donald Tusk
56%
Spain Pedro Sánchez
47%
Albania Edi Rama
35%
Denmark Mette Frederiksen
33%
Slovakia Robert Fico
29%
Estonia Kaja Kallas
28%
Belgium Alexander De Croo
25%
Ireland Simon Harris
25%
Netherlands Dick Schoof
22%
Austria Karl Nehammer
18%
Greece Kyriakos Mitsotakis
18%
Finland Petteri Orpo
18%
Sweden Ulf Kristersson
18%
Czech Republic Petr Fiala
17%
Portugal Luís Montenegro
15%
Norway Jonas Gahr Støre
14%
Romania Klaus Iohannis
14%
Croatia Andrej Plenković
13%
Slovenia Robert Golob
10%
Kosovo Albin Kurti
8%
Bulgaria Dimitar Glavchev
7%
Malta Robert Abela
7%
North Macedonia Hristijan Mickoski
6%
Lithuania Ingrida Šimonytė
6%
Luxembourg Luc Frieden
4%
Montenegro Milojko Spajić
4%
Serbia Miloš Vučević
4%
Latvia Evika Siliņa
3%
Switzerland Viola Amherd
3%
Andorra Xavier Espot Zamora
3%
Iceland Bjarni Benediktsson
1%
Bosnia and Herzegovina Borjana Krišto
1%
Liechtenstein Daniel Risch
1%
Moldova Dorin Recean
1%
Vatican City Fernando Vérgez Alzaga
1%
San Marino Luca Beccari
1%
Monaco Pierre Dartout
0%
No matching quizzes found
Score Distribution
Percent of People with Each Score
Percentile by Number Answered
Your Score History
You have not taken this quiz since the last reset